000 00901nam a22002297a 4500
001 28788
003 BD-RjUL
005 20211209051328.0
008 140331s1962 uk ||||| |||| 00| 0 eng d
035 _a(BD-RjUL)28870
040 _aBD-RjUL
_beng
_cBD-RjUL
041 _aeng
082 _a108
_bHEB 1962
100 _aHeidegger , Martin
_92758
245 _aBeing and time /
260 _aNew York :
_bHarper ,
_c1962
300 _a589 p. :
_bill. ;
_c23 cm.
500 _aWhat is the meaning of being?" This is the central question of Martin Heidegger's profoundly important work, in which the great philosopher seeks to explain the basic problems of existence. A central influence on later philosophy, literature, art, and criticism--as well as existentialism and much of postmodern though.
650 _a Ontology.
_988041
650 _aSpace and time.
_988042
942 _2ddc
_cBK
999 _c28788
_d28788